| 000 | 00920nam a22002295i 4500 | ||
|---|---|---|---|
| 001 | 158860 | ||
| 003 | ES-MaACL | ||
| 005 | 20250809031701.0 | ||
| 008 | 970821s1865 sp |||| | spa d | ||
| 040 |
_aCLM _bspa _cCLM |
||
| 080 | _a347.7(460) | ||
| 100 | 1 |
_aMartí de Eixalá, Ramón, _d1807-1857 _977213 |
|
| 245 | 1 | 0 |
_aInstituciones del derecho mercantil de España / _cpor Ramon Martí de Eixalá. |
| 250 |
_a4ª ed. _bnotablemente adicionada por Manuel Duran y Bas. |
||
| 260 |
_aBarcelona : _bLibrería de Alvaro Verdaguer ; _aMadrid : _bLibrería de Justo Serrano, _c1865 ( _eBarcelona : _fImprenta de C. Verdaguer) |
||
| 300 |
_aXI, 571 p. ; _c21 cm. |
||
| 505 | 8 | _aIncluye apéndice | |
| 650 | 4 |
_aDerecho mercantil- _zEspaña _911735 |
|
| 700 | 1 |
_aDurán y Bas, Manuel, _d1823-1907 _946240 |
|
| 852 |
_aES-MaACL _jE-13153 _z-- Enc. hol. _z.- Legado M. de la Fuente |
||
| 999 |
_c158860 _d158860 |
||